NBA Golden State Warriors 2025-2026 Roster - Statistics

General Stats
  • This quiz has been taken 270 times
    84 since last reset
  • The average score is 13 of 17
Answer Stats
# Pos. Answer % Correct
31 G Seth Curry
100%
30 G Stephen Curry
100%
2 G Brandin Podziemski
98%
23 F Draymond Green
93%
10 F Jimmy Butler III
92%
7 FC Kristaps Porzingis
87%
15 F Gui Santos
82%
61 G Pat Spencer
82%
0 G Gary Payton II
80%
20 CF Al Horford
78%
4 G Moses Moody
77%
21 C Quinten Post
77%
8 G De'Anthony Melton
65%
3 G Will Richard
62%
18 G LJ Cryer
45%
33 F Malevy Leons
42%
77 C Ömer Yurtseven
35%
No matching quizzes found
Score Distribution
Percent of People with Each Score
Percentile by Number Answered
Your Score History
You have not taken this quiz since the last reset